| 000 | 00492cam a2200181 a 4500 | ||
|---|---|---|---|
| 020 | _a0072284145 (acidfree paper) | ||
| 040 | _cDLC | ||
| 082 | 0 | 0 | _a500 HIL 2000 A106 Or. |
| 100 | 1 | _aKrauskopf, Konrad B. | |
| 245 | 1 | 4 | _aThe physical universe / |
| 250 | _a9th ed. | ||
| 260 |
_aBoston : _bMcGraw-Hill, _cc2000. |
||
| 300 |
_a1 v. (various pagings) : _bill. (some col.) ; _c26 cm. |
||
| 500 | _aIncludes index. | ||
| 650 | 0 | _aPhysical sciences. | |
| 700 | 1 | _aBeiser, Arthur. | |
| 942 | _cEK | ||
| 999 |
_c17025 _d17025 |
||